000 00482nmm a2200169Ia 4500
008 251105s9999||||xx |||||||||||||||||und||
020 _a9786071611253
041 _aspa
100 _aCross, Elsa
245 0 _aPoesía completa (1964-2012)
264 _a[México D.C., Mexico] :
_bFondo de Cultura Económica,
_c2013
300 _a793 páginas
490 _aPoesía
650 _aLatin American poetry
856 _uhttps://public.digitaliapublishing.com/a/43343
942 _cCF
999 _c75457
_d75457